| 000 | 00510cam a22001692 4500 | ||
|---|---|---|---|
| 082 |
_a692.8 _bABB |
||
| 100 | 1 |
_aAbbett, Robert William, _945455 |
|
| 245 | 0 | 0 | _aEngineering contracts and specifications. |
| 250 | _a3d ed. | ||
| 260 |
_aNew York, _bWiley _c[1954] |
||
| 300 |
_a429 p. _c22 cm. |
||
| 526 |
_a0 _b0 _c0 _d692_800000000000000_ABB |
||
| 650 | 0 |
_aEngineering contracts _zUnited States. _924625 |
|
| 650 | 0 |
_aEngineering _xSpecifications _zUnited States. _945456 |
|
| 650 | 0 |
_aMCE _9379 |
|
| 942 |
_2ddc _cBK |
||
| 999 |
_c548975 _d548975 |
||